Normal view
MARC view
- Vandom, Nick
Entry Personal Name
001 - CONTROL NUMBER
- control field: 112057
003 - CONTROL NUMBER IDENTIFIER
- control field: NUST
005 - DATE AND TIME OF LATEST TRANSACTION
- control field: 20230503095325.0
008 - FIXED-LENGTH DATA ELEMENTS
- fixed length control field: 230503|| aca||aabn | a|a d
040 ## - CATALOGING SOURCE
- Original cataloging agency: NUST
- Transcribing agency: NUST
100 ## - HEADING--PERSONAL NAME
- Personal name: Vandom, Nick
670 ## - SOURCE DATA FOUND
- Source citation: Work cat.: (NUST): Vandom, Nick, Windows 8:, 2013.
